书目信息 |
| 题名: |
交通工程总论
|
|
| 作者: | 杨孝宽 , 贺玉龙 著 | |
| 分册: | ||
| 出版信息: | 北京 人民交通出版社股份有限公司 2018.07 |
|
| 页数: | 218页 | |
| 开本: | 26cm | |
| 丛书名: | ||
| 单 册: | ||
| 中图分类: | U491 | |
| 科图分类: | ||
| 主题词: | 交通工程--jiao tong gong cheng--高等学校--教材 | |
| 电子资源: | ||
| ISBN: | 978-7-114-15683-0 | |
| 000 | 01445nam0 2200301 450 | |
| 001 | 202020140373 | |
| 005 | 20200926181352.0 | |
| 010 | @a978-7-114-15683-0@dCNY72.00 | |
| 100 | @a20200918d2018 em y0chiy50 ea | |
| 101 | 0 | @achi@aeng |
| 102 | @aCN@b110000 | |
| 105 | @aa a 000yy | |
| 106 | @ar | |
| 200 | 1 | @a交通工程总论@Ajiao tong gong cheng zong lun@d= Introduction to traffic engineering@f杨孝宽, 贺玉龙著@zeng |
| 205 | @a第2版 | |
| 210 | @a北京@c人民交通出版社股份有限公司@d2018.07 | |
| 215 | @a218页@c彩图@d26cm | |
| 300 | @a国家精品课程配套教材 国家级精品资源共享课教材 | |
| 320 | @a有书目 (第218页) | |
| 330 | @a全书共分8章, 第1章简要介绍了交通工程学的发展史以及定义、研究范围和目标 ; 第2章包含交通工程中常用的基本概念包括: 机动性和可达性, 道路分类, 连续流和间断流以及驾驶员和车辆的特性 ; 第3章讨论了流量、速度、密度以及三者之间的关系 ; 第4章详细介绍了地点速度、出行时间和延误的特性 ; 第5章讲述了统计学在交通工程中的应用 ; 第6章讨论了道路通行能力, 主要介绍了高速公路基本路段和双车道通行能力的计算 ; 第7章描述了交叉口设计的基本过程 ; 第8章介绍交通控制设备。 | |
| 333 | @a高等学校交通运输与工程类专业规划教材 高等学校双语教学教材 | |
| 510 | 1 | @aIntroduction to traffic engineering@zeng |
| 606 | 0 | @a交通工程@Ajiao tong gong cheng@x高等学校@j教材 |
| 690 | @aU491@v5 | |
| 701 | 0 | @a杨孝宽@Ayang xiao kuan@4著 |
| 701 | 0 | @a贺玉龙@Ahe yu long@4著 |
| 801 | 0 | @aCN@c20190829 |
| 905 | @a河南城建学院图书馆@dU491@eY303 | |
| 交通工程总论= Introduction to traffic engineering/杨孝宽, 贺玉龙著.-第2版.-北京:人民交通出版社股份有限公司,2018.07 |
| 218页:彩图;26cm |
| 国家精品课程配套教材 国家级精品资源共享课教材.-使用对象:高等学校交通运输与工程类专业规划教材 高等学校双语教学教材 |
| ISBN 978-7-114-15683-0:CNY72.00 |
| 全书共分8章, 第1章简要介绍了交通工程学的发展史以及定义、研究范围和目标 ; 第2章包含交通工程中常用的基本概念包括: 机动性和可达性, 道路分类, 连续流和间断流以及驾驶员和车辆的特性 ; 第3章讨论了流量、速度、密度以及三者之间的关系 ; 第4章详细介绍了地点速度、出行时间和延误的特性 ; 第5章讲述了统计学在交通工程中的应用 ; 第6章讨论了道路通行能力, 主要介绍了高速公路基本路段和双车道通行能力的计算 ; 第7章描述了交叉口设计的基本过程 ; 第8章介绍交通控制设备。 |
| ● |
| 相关链接 |
|
|
|
正题名:交通工程总论
索取号:U491/Y303
 
预约/预借
| 序号 | 登录号 | 条形码 | 馆藏地/架位号 | 状态 | 备注 |
| 1 | 1490597 | 214905977 | 自科库501/501自科库 58排1列3层/ [索取号:U491/Y303] | 在馆 |